Handbook of thermoplastic elastomers (Record no. 39324)

MARC details
000 -LEADER
fixed length control field 00380nam a2200145Ia 4500
082 ## - DEWEY DECIMAL CLASSIFICATION NUMBER
Classification number 678.073(035)
Item number WAL
245 #0 - TITLE STATEMENT
Title Handbook of thermoplastic elastomers
260 ## - PUBLICATION, DISTRIBUTION, ETC. (IMPRINT)
Place of publication New York
Name of publisher Van Nostrand
Year of publication 1979
650 ## - SUBJECT ADDED ENTRY--TOPICAL TERM
Topical Term Block Polymers
650 ## - SUBJECT ADDED ENTRY--TOPICAL TERM
Topical Term Polyester
650 ## - SUBJECT ADDED ENTRY--TOPICAL TERM
Topical Term Polyurethane
700 ## - ADDED ENTRY--PERSONAL NAME
Personal name Walker, Benjamin A
942 ## - ADDED ENTRY ELEMENTS (KOHA)
Koha item type Books
Holdings
Withdrawn status Lost status Damaged status Not for loan Home library Current library Date acquired Cost, normal purchase price Full call number Accession Number Koha item type
        RRII Library RRII Library 16/12/2021 385.00 678.073(035) WAL 19662 Books